Statystyki dla Dziesięć najwyżej sklasyfikowanych krajów FIFA według roku

Kliknij tutaj aby rozwiązać quiz!

Ogólne statystyki

  • Ten quiz został rozwiązany 196 razy
  • Średni wynik to 17 z 20

Statystyki odpowiedzi

# LatDrużyna% Poprawnych
9Argentyna
99%
9Brazylia
99%
10Hiszpania
99%
7Niemcy
99%
7Francja
98%
8Belgia
97%
1Polska
96%
10Portugalia
95%
4Włochy
95%
6Anglia
94%
4Holandia
89%
1Rosja
88%
3Chorwacja
83%
6Urugwaj
83%
6Kolumbia
77%
3Chile
76%
2Dania
76%
1Meksyk
75%
3Szwajcaria
75%
1Austria
58%

Rozkład punktacji

Percentyl według liczby udzielonych odpowiedzi

Procent ludzi z każdym wynikiem

Twoja historia wyników

Nie rozwiązałeś tego quizu